DSMP players by their real name - Statistics

General Stats
  • This quiz has been taken 127 times
  • The average score is 8 of 11
Answer Stats
Hint Answer % Correct
Clay Dream
100%
George georgenotfound
99%
Toby Tubbo
99%
Nick Sapnap
94%
Thomas Tommyinnit
93%
Will Wilbur Soot
92%
Darryl Badboyhalo
72%
Zak Skeppy
69%
Alex Technoblade
66%
Mark? idk really know Ranboo
59%
Caroline Captian Puffy
6%
No matching quizzes found
Score Distribution
Percent of People with Each Score
Percentile by Number Answered
Your Score History
You have not taken this quiz